| 000 | 01139nam a2200253 i 4500 | ||
|---|---|---|---|
| 001 | 181021 | ||
| 003 | ES-MaACL | ||
| 005 | 20231004115420.0 | ||
| 008 | 121002s2008 sp aco |||| | spa d | ||
| 020 | _a84-88703-52-X | ||
| 080 | _a378.4(460.13 S.)(091) | ||
| 245 | 0 | 0 |
_a75 años de la UIMP _b: las escaleras del saber : una universidad con arte : exposición de fotografía y carteles : Santander, Mercado del Este, 2008. |
| 246 | 3 | _aSetenta y cinco años de la UIMP | |
| 260 |
_aSantander : _bUniversidad Internacional Menéndez Pelayo : _bSociedad Estatal de Conmemoraciones Culturales, _c2008. |
||
| 300 |
_a115 p. : _bprincipalmente il. col. y n., fot. ; _c24 cm. |
||
| 610 | 2 | 4 |
_aUniversidad Internacional Menéndez Pelayo- _vHistoria. _9151528 |
| 710 | 2 |
_aUniversidad Internacional Menéndez Pelayo. _97384 |
|
| 710 | 2 |
_aSociedad Estatal de Conmemoraciones Culturales (España) _9134893 |
|
| 852 |
_aES-MaACL _jA-12238 _9187903 _bR.147107 _cDEPO1 _dOlim: N-5243 _xDonacion: R.A.E |
||
| 912 |
_96336 _aReal Academia Española |
||
| 942 |
_2udc _cMONOGRAFIA |
||
| 999 |
_c181021 _d181021 |
||